[Event "Stari Banovci Vidovdan op"]
[Site "Stari Banovci"]
[Date "2015.06.23"]
[Round "6"]
[White "Tosic, Ratomir"]
[Black "Tadic, Tomislav"]
[Result "0-1"]
[WhiteElo "1788"]
[BlackElo "1986"]
[PlyCount "60"]
[EventDate "2015.06.20"]
[EventType "swiss"]
[EventRounds "9"]
[EventCountry "SRB"]
[SourceTitle "EXT 2019"]
[Source "ChessBase"]
[SourceDate "2018.10.10"]
[SourceVersion "1"]
[SourceVersionDate "2018.10.10"]
[SourceQuality "1"]

1. e4 d5 2. e5 e6 3. d4 c5 4. c3 Nc6 5. Nf3 Bd7 6. Be3 c4 7. Be2 Nge7 8. Bg5 Qc7 9. Na3 Ng6 10. Nc2 b6 11. Bd2 Be7 12. 0-0 0-0-0 13. b3 f6 14. exf6 gxf6 15. bxc4 dxc4 16. Ne3 Na5 17. Qc2 Nf4 18. Rfe1 Nxe2+ 19. Rxe2 Bc6 20. d5 exd5 21. Nf5 Bc5 22. N3d4 Bxd4 23. cxd4 Rde8 24. Bxa5 Rxe2 25. Qxe2 bxa5 26. Qe6+ Kb8 27. Ne7 Qb6 28. Qxf6 Re8 29. Re1 Ka8 30. Kf1 c3 0-1